| 000 | 02364cam a22003857a 4500 | ||
|---|---|---|---|
| 090 | _c0 | ||
| 001 | 15073495 | ||
| 005 | 20071130082745.0 | ||
| 008 | 071106t20072003enka b 001 0 eng d | ||
| 010 | _a 2007281750 | ||
| 020 | _a9780521690539 (pbk.) | ||
| 020 | _a9780521829540 | ||
| 035 | _a(OCoLC)ocn149011738 | ||
| 040 |
_aBTCTA _cBTCTA _dBAKER _dKUT _dDLC |
||
| 042 | _alccopycat | ||
| 043 | _af-ua--- | ||
| 050 | 0 | 0 |
_aNA215 _b.R67 2007 |
| 082 | 0 | 4 |
_a722.2 _221 _bROS |
| 100 | 1 | _aRossi, Corinna. | |
| 245 | 1 | 0 |
_aArchitecture and Mathematics in Ancient Egypt / _cCorinna Rossi. |
| 260 |
_aCambridge, UK : _bCambridge University Press, _cc2003. |
||
| 300 |
_axxii, 280 p. : _bill. ; _c25 cm. |
||
| 500 | _a"First published 2003/Reprinted with corrections 2006"--T.p. verso. | ||
| 504 | _aIncludes bibliographical references and index. | ||
| 505 | 0 | _aPt. I. Proportions in ancient Egyptian architecture. Introd. to Pt. I. Harmony and proportions in architecture -- 1. In search of "the rule" for ancient Egyptian architecture -- 2. Mathematics and architecture in ancient Egypt -- Pt. II. Ancient Egyptian sources : construction and representation of space. Introd. to Pt. II. tradition and variations in ancient Egyptian art and architecture -- 3. Documents on the planning and building process -- 4. Foundation rituals -- Pt. III. The geometry of pyramids. Introd. to Pt. III. combining the knowledge -- 5. Symbolic shape and constructional problems -- 6. The proportions of pyramids -- 7. Pyramids and triangles -- An overview -- Appendix. List of Old and Middle Kingdom true pyramids. | |
| 650 | 0 |
_aArchitecture, Ancient _zEgypt. |
|
| 650 | 0 |
_aArchitecture _zEgypt _xMathematics. |
|
| 650 | 0 |
_aPyramids _zEgypt. |
|
| 856 | 4 | 2 |
_3Contributor biographical information _uhttp://www.loc.gov/catdir/enhancements/fy0805/2007281750-b.html |
| 856 | 4 | 2 |
_3Publisher description _uhttp://www.loc.gov/catdir/enhancements/fy0805/2007281750-d.html |
| 856 | 4 | 1 |
_3Table of contents only _uhttp://www.loc.gov/catdir/enhancements/fy0805/2007281750-t.html |
| 942 |
_2ddc _cBB |
||
| 999 |
_c10523 _d10523 |
||